Alemania y el Mundo Ibero-Americano (Record no. 21986)

MARC details
000 -LEADER
campo de control de longitud fija 00456nam a2200145 i 4500
001 - NÚMERO DE CONTROL
campo de control 21986
003 - IDENTIFICADOR DE NÚMERO DE CONTROL
campo de control ES-MaACL
007 - CAMPO FIJO DE DESCRIPCIÓN FÍSICA--INFORMACIÓN GENERAL
campo de control de longitud fija t|
008 - DATOS DE LONGITUD FIJA--INFORMACIÓN GENERAL
campo de control de longitud fija 021129s1939 gw ||||1| spa d
245 00 - MENCIÓN DEL TÍTULO
Título Alemania y el Mundo Ibero-Americano
Resto del título : = Alemanha e o Mundo Ibero-Americano.
260 ## - PUBLICACIÓN, DISTRIBUCIÓN, ETC.
Lugar de publicación, distribución, etc. Berlín :
Nombre del editor, distribuidor, etc. [s.n.,
Fecha de publicación, distribución, etc. 1939] (
Fabricante Otto Stollgerg)
300 ## - DESCRIPCIÓN FÍSICA
Extensión 185 p., 2 lám. ;
Dimensiones 23 cm.
740 0# - ENTRADA AGREGADA--TÍTULO RELACIONADO/ANALÍTICO NO CONTROLADO
Título relacionado o analítico no controlado Alemanha e o Mundo Ibero-Americano.
852 ## - LOCALIZACIÓN
Ubicación ES-MaACL
Número de control de estantería B-9539
Sublocalización o colección R.19069
Holdings
Estatus retirado Estado de pérdida Estado de daño No para préstamo Biblioteca de origen Biblioteca actual Ubicación en estantería Fecha de adquisición Fuente de adquisición Total de préstamos Signatura topográfica completa Código de barras Visto por última vez Precio de reemplazo Tipo de ítem Koha
        Biblioteca del Ateneo de Madrid Biblioteca del Ateneo de Madrid Sala Pardo Bazán 17/01/2008     B-9539 1022598 23/02/2023 23/02/2023 Libro impreso